[Event "GER Pfingstopen U12"]
[Site "Playchess.com INT"]
[Date "2020.06.02"]
[Round "1"]
[White "Haubold, Sebastian Marcel"]
[Black "Thanner, David"]
[Result "1-0"]
[WhiteElo "1725"]
[BlackElo "1620"]
[PlyCount "59"]
[EventDate "2020.06.02"]
[EventType "swiss (blitz)"]
[EventRounds "11"]
[EventCountry "GER"]
[SourceTitle "CBM 197 Extra"]
[Source "ChessBase"]
[SourceDate "2020.09.30"]
[SourceVersion "1"]
[SourceVersionDate "2020.09.30"]
[SourceQuality "1"]

1. e4 e5 2. Nf3 Nc6 3. Bb5 Bc5 4. 0-0 d6 5. c3 Nf6 6. d4 exd4 7. cxd4 Bb4 8. a3 Ba5 9. b4 Bb6 10. d5 a6 11. Ba4 Bd7 12. dxc6 bxc6 13. Bb2 Nxe4 14. Qe2 d5 15. Nbd2 0-0 16. Nxe4 dxe4 17. Qxe4 Qe8 18. Qc2 Rc8 19. Qc3 f6 20. Rfe1 Qd8 21. Rad1 Rb8 22. Bxc6 Qc8 23. Bxd7 Qb7 24. Bc6 Qa7 25. Qc2 Rfd8 26. Rxd8+ Rxd8 27. Re8+ Rxe8 28. Bxe8 Qb8 29. Qc4+ Kf8 30. Qf7# 1-0